Premier league Players with 100+ goals - Statistics

General Stats
  • This quiz has been taken 44 times
  • The average score is 23 of 34
Answer Stats
Goals Answer % Correct
213 Harry Kane
97%
184 Mohamed Salah
97%
127 Son Hueng-Min
97%
260 Alan Shearer
94%
184 Sergio Aguero
94%
208 Wayne Rooney
94%
177 Frank Lampard
85%
175 Thierry Henry
85%
120 Steven Gerrard
82%
103 Cristiano Ronaldo
79%
187 Andy Cole
76%
104 Didier Drogba
76%
150 Micheal Owen
74%
111 Sadio Mané
74%
107 Paul Scholes
71%
143 Jamie Vardy
68%
162 Jermaine Defoe
68%
144 Robin Van Persie
68%
146 Teddy Sheringham
68%
123 Dwight Yorke
65%
109 Ryan Giggs
65%
123 Ian Wright
59%
108 Peter Crouch
56%
123 Raheem Sterling
56%
163 Robbie Fowler
53%
126 Robbie Keane
53%
125 Nicolas Anelka
50%
127 Jimmy Floyd Hasselbaink
47%
121 Romelu Lukaku
44%
111 Dion Dublin
41%
149 Les Ferdinand
38%
100 Matt Le Tissier
38%
110 Emile Hesky
32%
106 Darren Bent
29%
No matching quizzes found
Score Distribution
Percent of People with Each Score
Percentile by Number Answered
Your Score History
You have not taken this quiz